| 000 | 00764nam a2200205Ia 4500 | ||
|---|---|---|---|
| 008 | 160628s9999 xx 000 0 und d | ||
| 050 | _aQK 495.E9 | ||
| 050 | _b.B329 2016 | ||
| 100 | _aBatac, Suzane T. | ||
| 245 | 2 | _aA randomized controlled study on the effects of a dehydrated phenolic compund of zinigiber officanele roscoe (ginger) on the blood glucose levels of alloxan-induced type I diabetic male sprague dawley rats / | |
| 245 | _cSuzane T. Batac, Rica G. John, Jeremy Coan A. Peñaflor, Jane M. Rafer. | ||
| 260 | _aLas Piñas, Philippines : | ||
| 260 | _bSISC, | ||
| 260 | _c2016. | ||
| 300 | _a88 pages : | ||
| 300 | _billustrations ; | ||
| 300 | _c28 cm. | ||
| 500 | _aIncludes bibliographical references and appendices. | ||
| 942 | _cTH | ||
| 999 |
_c296201 _d296201 |
||